Política & prosa (Record no. 196102)

MARC details
000 -LEADER
campo de control de longitud fija 01657nas a2200469 i 4500
001 - NÚMERO DE CONTROL
campo de control 196102
003 - IDENTIFICADOR DE NÚMERO DE CONTROL
campo de control ES-MaACL
005 - FECHA Y HORA DE LA ÚLTIMA TRANSACCIÓN
campo de control 20240826141800.0
006 - CÓDIGOS DE INFORMACIÓN DE LONGITUD FIJA--CARACTERÍSTICAS DEL MATERIAL ADICIONAL
campo de control de longitud fija m g d |
007 - CAMPO FIJO DE DESCRIPCIÓN FÍSICA--INFORMACIÓN GENERAL
campo de control de longitud fija cr*|||||||||||
008 - DATOS DE LONGITUD FIJA--INFORMACIÓN GENERAL
campo de control de longitud fija 240812c20189999sp mr pso 0 b0cat
010 ## - NÚMERO DE CONTROL DE LA BIBLIOTECA DEL CONGRESO
Número de control de LC n
Número de control de NUCMC 0
022 0# - NÚMERO INTERNACIONAL NORMALIZADO PARA PUBLICACIONES SERIADAS
Número Internacional Normalizado para Publicaciones Seriadas 2604-708X
Fuente _u
035 ## - NÚMERO DE CONTROL DEL SISTEMA
Número de control de sistema (OCoLC)1201056376
035 ## - NÚMERO DE CONTROL DEL SISTEMA
Número de control de sistema (SpMaBN)a6444016
035 ## - NÚMERO DE CONTROL DEL SISTEMA
Número de control de sistema 991019658249708606
040 ## - FUENTE DE CATALOGACIÓN
Centro catalogador/agencia de origen SpMaBN
Lengua de catalogación spa
Centro/agencia transcriptor SpMaBN
Normas de descripción rdc
Centro/agencia modificador ES-MaACL
080 ## - NÚMERO DE LA CLASIFICACIÓN DECIMAL UNIVERSAL
Número de la Clasificación Decimal Universal 325.8(460.23)
080 ## - NÚMERO DE LA CLASIFICACIÓN DECIMAL UNIVERSAL
Número de la Clasificación Decimal Universal 32(460.23)"20"
130 0# - ENTRADA PRINCIPAL--TÍTULO UNIFORME
Título uniforme Política & prosa (Internet)
9 (RLIN) 238255
210 0# - TÍTULO ABREVIADO
Título abreviado Polit. prosa
Información calificativa Internet
222 #0 - TÍTULO CLAVE
Título clave Política & prosa
Información calificativa Internet
245 10 - MENCIÓN DEL TÍTULO
Título Política & prosa
246 3# - FORMA VARIANTE DEL TITULO
Título propio/Titulo breve Política i prosa
246 3# - FORMA VARIANTE DEL TITULO
Título propio/Titulo breve Política&prosa
260 ## - PUBLICACIÓN, DISTRIBUCIÓN, ETC.
Lugar de publicación, distribución, etc. Barcelona :
Nombre del editor, distribuidor, etc. Política & Prosa,
Fecha de publicación, distribución, etc. 2018-
310 ## - PERIODICIDAD ACTUAL
Periodicidad actual Mensual
336 ## - TIPO DE CONTENIDO
Término de tipo de contenido Texto (visual)
Fuente isbdcontent
337 ## - TIPO DE MEDIO
Nombre/término del tipo de medio electrónico
Fuente isbdmedia
338 ## - TIPO DE SOPORTE
Fuente rdacarrier
Nombre/término del tipo de soporte volumen
362 0# - FECHAS DE PUBLICACIÓN Y/O DESIGNACIÓN SECUENCIAL
Fecha de publicación y/o designación secuencial Núm 0 (jul.-ag. 2018)-
594 ## - Nota al título y mención de responsabilidad
Nota al título y mención de responsabilidad Título tomado de la página principal de búsqueda (consultada el 12 de agosto de 2024)
650 #0 - PUNTO DE ACCESO ADICIONAL DE MATERIA--TÉRMINO DE MATERIA
Término de materia o nombre geográfico como elemento de entrada Movimientos independentistas-
Subdivisión geográfica Cataluña
Fuente del encabezamiento o término embne
9 (RLIN) 176488
651 #0 - PUNTO DE ACCESO ADICIONAL DE MATERIA--NOMBRE GEOGRÁFICO
Nombre geográfico Cataluña
Subdivisión general Política y gobierno
Subdivisión cronológica S.XXI
Fuente del encabezamiento o término embne
9 (RLIN) 238254
655 #0 - TERMINO DE INDIZACIÓN--GENERO/FORMA
Datos o término principal de género/forma Páginas Web
Fuente del término tgfbne
9 (RLIN) 226719
655 #0 - TERMINO DE INDIZACIÓN--GENERO/FORMA
Datos o término principal de género/forma Revistas electrónicas
9 (RLIN) 226718
776 08 - ENTRADA DE FORMULARIO FÍSICO ADICIONAL
Información de relación Versión impresa
Título Política & prosa =
Número Internacional Normalizado para Publicaciones Seriadas ISSN 2604-6113
biblionumber 196101
Número de control del registro 196101
856 40 - LOCALIZACIÓN Y ACCESO ELECTRÓNICOS
Identificador Uniforme de Recursos <a href="https://www.politicaprosa.com/la-revista/">https://www.politicaprosa.com/la-revista/</a>
Texto de enlace Acceso electrónico
942 ## - ELEMENTOS DE ENTRADA SECUNDARIOS (KOHA)
Fuente del sistema de clasificación o colocación Clasificación decimal universal
Suprimir en OPAC No
Tipo de ítem Koha Revista electrónica
955 ## - CATALOGADOR - EDICIÓN
Nombre de catalogador Inmaculada Vicente García

No items available.